00972nam a22002297a 4500999001500000003000900015008004100024020001800065040007100083082001800154100002600172245003600198260003600234300001700270440004500287505029300332650003700625650002800662650002800690942001600718945000800734 c6484d6484AR-CdUCM190318b ||||| |||| 00| 0 spa d a84-02-06787-5 aMUNICIPALIDAD PROVINCIAL DEL CUSCOcBIBLIOTECA MUNICIPAL DEL CUSCO a940.53 /bP54 aPiekalkiewicz, Janusz aEspías, agentes y soldados /  aBarcelona : bBruguera, c1980. a3.t.c27 cm. aGrandes guerras de nuestro tiempo918322 aContenido :t.1. Porque Hitler no llego a Lóndres -- SOE- Lóndres adiestra saboteadores -- Alejandría: dos hombres contra un acorazado -- Golpe de mano contra una estación de radar -- Ultimo viaje del HMS campbeltowns -- t.2. Contraseña: Orquesta rija -- t.3. Secuestro en Creta. aGuerra Mundial, 1939-1945918335 aServicio secreto918378 aMovimientos nasi918379 2ddccLIBROS arum